000 01261nam a22001697a 4500
005 20120822125923.0
020 _a9788126717446
_c600.00
037 _bके.के.पब्लिकेशंस
100 _aप्रशान्त गौरव
_951347
245 _aपूर्वमध्यकालीन भारत;
_b(लगभग 550-1200 ई.)
_cप्रशान्त गौरव
260 _aनई दिल्ली
_bराजकमल प्रकाशन
_c2009
270 _a1-बी, नेताजी सुभाष मार्ग
_bनई दिल्ली
_e110002
300 _a431 पृ.
_c20 सेंमी.(सजिल्द)
942 _2ddc
_cHN
_h954.014
_mप्रशान्त
999 _c69187
_d69187